000 00719nam a2200205 i 4500
001 81235
003 ES-MaACL
005 20231111062528.0
007 t|
008 041103s1972 sp ||||1| spa d
245 0 0 _aHomenaje a Casalduero
_b: crítica y poesía /
_cofrecida por sus amigos, discípulos, al cuidado de Rizel Pincus Sigele y Gonzalo Sobejano.
260 _aMadrid :
_bGredos,
_c1972.
300 _a510 p., 1 lám. ;
_c25 cm.
600 1 4 _aCasalduero, Joaquín,
_d1903-1990
_936063
650 4 _aLiteratura española-
_xHistoria y crítica
_914560
700 1 _aPincus Sigele, Rizel.
_992086
700 1 _aSobejano, Gonzalo.
_9106979
852 _aES-MaACL
_jC-42698
_bR.81993
999 _c81235
_d81235